000 00684nam a2200229 i 4500
001 bg
245 0 0 _aEkonomika przedsiębiorstw - zagadnienia wybrane :
_bpraca zbiorowa /
_cpod red. Leszka J. Pawłowicza.
260 _aGdańsk :
_bOśrodek Doradztwa i Doskonalenia Kadr,
_c2001.
300 _a382 s. :
_bwykr. ;
_c24 cm.
504 _aBibliogr. przy rozdz.
650 9 _aPrzedsiębiorstwo
_xekonomika
655 _aPodręczniki akademickie
700 1 _aPawłowicz, Leszek J.
020 _a8371874553
040 _cBPK
041 0 _apol
080 _a658.1/.5
080 _a(075.8)
920 _a83-71874-55-3
942 _cKS
008 s pl f |000 0 pol
999 _c53617
_d53617
856 _uhttp://koha.tu.koszalin.pl/cgi-bin/koha/opac-detail.pl?biblionumber=53617
_yKatalog online BPK